[Event "Chess24 Banter Blitz Cup"]
[Site "chess24.com INT"]
[Date "2020.01.07"]
[Round "2.12"]
[White "Christiansen, Johan-Sebastian"]
[Black "Oparin, Grigoriy"]
[Result "1/2-1/2"]
[WhiteTitle "GM"]
[BlackTitle "GM"]
[WhiteElo "2558"]
[BlackElo "2654"]
[WhiteFideId "1512668"]
[BlackFideId "24125890"]
[EventDate "2019.09.25"]
[EventType "blitz"]

1. e4 c6 2. d4 d5 3. exd5 cxd5 4. Nf3 Nf6 5. Ne5 Nc6 6. Bb5 Bd7 7. Nxd7 Qxd7 8.
c3 e6 9. Nd2 Bd6 10. Nf3 Qc7 11. O-O O-O 12. Re1 Ne4 13. Bd3 f5 14. g3 Rae8 15.
Nh4 e5 16. dxe5 Nxe5 17. Bf1 Ng4 18. Qxd5+ Kh8 19. Be3 Nxe3 20. Rxe3 Bc5 21. Rf3
f4 22. g4 Qb6 23. Kg2 Nxf2 24. Bc4 Nxg4 25. b4 Ne3+ 26. Rxe3 Bxe3 27. Qh5 g6 28.
Qd5 Qf6 29. Nf3 Rd8 30. Qe5 Qxe5 31. Nxe5 Rd2+ 32. Kf3 Rf2+ 33. Ke4 Re8 34. Rd1
Rd2 35. Re1 Rc2 36. Rd1 Rxc3 37. Bf7 Re7 38. Rd8+ Kg7 39. Bb3 f3 40. Rg8+ Kh6
41. Rf8 f2 42. Kd5 Rxe5+ 43. Kxe5 Rc1 44. Ke4 f1=Q 45. Rxf1 Rxf1 46. Kxe3 Rh1
47. h4 Rh2 48. Bd5 Rxh4 49. a3 Rh3+ 50. Kd4 Rxa3 51. Bxb7 a5 52. b5 Rb3 53. Kc4
Rb4+ 54. Kc5 Kg5 55. b6 h5 56. Bc6 Rxb6 57. Kxb6 h4 58. Kxa5 Kf4 59. Kb4 g5 60.
Kc3 Kg3 61. Kd2 Kf2 62. Bd7 Kg3 63. Bc6 h3 64. Bd7 Kf2 65. Bc6 h2 66. Kd3 Kg1
67. Bd7 g4 68. Bc6 g3 69. Be4 h1=Q 70. Kd4 Qxe4+ 71. Kxe4 g2 72. Ke5 Kf2 73. Kf5
g1=Q 74. Ke5 Qg3+ 75. Kd5 Qf4 76. Kc5 Ke3 77. Kd5 Qd4+ 78. Ke6 Kd3 79. Kf5 1/2-1/2

[Event "Chess24 Banter Blitz Cup"]
[Site "chess24.com INT"]
[Date "2020.01.07"]
[Round "2.13"]
[White "Oparin, Grigoriy"]
[Black "Christiansen, Johan-Sebastian"]
[Result "1/2-1/2"]
[WhiteTitle "GM"]
[BlackTitle "GM"]
[WhiteElo "2654"]
[BlackElo "2558"]
[WhiteFideId "24125890"]
[BlackFideId "1512668"]
[EventDate "2019.09.25"]
[EventType "blitz"]

1. c4 c5 2. Nf3 g6 3. d4 cxd4 4. Nxd4 Nc6 5. e4 Qb6 6. Nb3 Bg7 7. Bd3 d6 8. O-O
Nf6 9. Be3 Qc7 10. f3 Ne5 11. Nc3 O-O 12. Rc1 Be6 13. Nb5 Qb8 14. Be2 a6 15.
N5d4 Qc7 16. Nxe6 fxe6 17. c5 d5 18. Nd4 Qd7 19. f4 Nc6 20. e5 Ne4 21. Bd3 Rac8
22. Bxe4 dxe4 23. Nxc6 Qxc6 24. Qb3 Rfd8 25. Rfd1 Rd5 26. Qc2 Rcd8 27. Re1 Rd3
28. Qe2 Qb5 29. b3 a5 30. g3 h5 31. Bf2 Kh7 32. Qxe4 Rd2 33. Rc2 R8d5 34. Rxd2
Rxd2 35. Qc4 Qc6 36. a4 h4 37. Qe4 Qd7 38. gxh4 Rb2 39. h5 Qd2 40. Qxg6+ Kh8 41.
Rf1 Qxf4 42. Qe8+ Kh7 43. Qg6+ Kh8 44. Qxe6 Bxe5 45. Qh3 Rxf2 46. Rxf2 Bd4 47.
Qg3 Qe4 48. Kf1 Qb1+ 49. Kg2 Bxf2 50. Qxf2 Qe4+ 51. Qf3 Qc2+ 52. Kh3 Qxc5 53.
Qe4 Qxh5+ 54. Qh4 Qh7 55. Qxh7+ Kxh7 56. Kg4 Kg6 57. Kf4 Kf6 58. Ke4 Ke6 59. h4
Kf6 60. Kf4 e6 61. h5 e5+ 62. Ke4 Ke6 63. h6 Kf6 64. h7 Kg7 65. Kxe5 Kxh7 66.
Kd5 Kg7 67. Kc5 Kf6 68. Kb6 Ke5 69. Kxb7 Kd5 70. Kb6 Kd6 71. Kxa5 Kd5 72. Kb5
Kd6 73. b4 Kc7 74. a5 Kb7 75. a6+ Kc7 76. Ka5 Kc6 77. b5+ Kc7 78. b6+ Kd7 79. a7
Kd6 1/2-1/2

[Event "Chess24 Banter Blitz Cup"]
[Site "chess24.com INT"]
[Date "2020.01.07"]
[Round "2.14"]
[White "Christiansen, Johan-Sebastian"]
[Black "Oparin, Grigoriy"]
[Result "0-1"]
[WhiteTitle "GM"]
[BlackTitle "GM"]
[WhiteElo "2558"]
[BlackElo "2654"]
[WhiteFideId "1512668"]
[BlackFideId "24125890"]
[EventDate "2019.09.25"]
[EventType "blitz"]

1. e4 c5 2. Nf3 d6 3. Bb5+ Nd7 4. O-O a6 5. Bd3 Ngf6 6. c3 g6 7. Bc2 Bg7 8. Re1
O-O 9. d4 e5 10. a4 b6 11. Nbd2 Qc7 12. h3 Bb7 13. Nf1 Rfe8 14. Ng3 Rad8 15. b3
d5 16. Nxe5 Nxe5 17. dxe5 dxe4 18. Qe2 Qxe5 19. Bb2 Qf4 20. Bc1 Qh4 21. a5 Nd5
22. Bb2 Nxc3 23. Qc4 Bd5 24. Qxa6 e3 25. Nh1 Bd4 26. fxe3 Rxe3 27. Rxe3 Bxe3+
28. Kh2 Qf4+ 29. g3 Bg1+ 30. Kxg1 Qe3+ 31. Kf1 Bxh1 32. Bxc3 Qf3+ 33. Ke1 Qxc3+
34. Kf2 Rd2+ 0-1

[Event "Chess24 Banter Blitz Cup"]
[Site "chess24.com INT"]
[Date "2020.01.07"]
[Round "2.15"]
[White "Oparin, Grigoriy"]
[Black "Christiansen, Johan-Sebastian"]
[Result "0-1"]
[WhiteTitle "GM"]
[BlackTitle "GM"]
[WhiteElo "2654"]
[BlackElo "2558"]
[WhiteFideId "24125890"]
[BlackFideId "1512668"]
[EventDate "2019.09.25"]
[EventType "blitz"]

1. c3 e5 2. d4 exd4 3. cxd4 d5 4. Nf3 Nf6 5. Nc3 Bd6 6. Bg5 c6 7. e3 O-O 8. Bd3
Re8 9. Qc2 h6 10. Bh4 Nbd7 11. O-O-O Nf8 12. Rhg1 Be7 13. Ne5 Ne4 14. Bxe7 Qxe7
15. Nxe4 dxe4 16. Bc4 Be6 17. g4 Bxc4 18. Nxc4 Ng6 19. Kb1 Red8 20. Qb3 Rd5 21.
Na3 Rad8 22. Rc1 c5 23. Nc2 b6 24. Qa3 Nh4 25. Rgd1 Nf3 26. h3 Qh4 27. Rh1 Qxf2
28. Qxa7 cxd4 29. exd4 e3 30. Qxb6 Ra8 31. a3 Rdd8 32. Ka2 Rdb8 33. Qc6 Nxd4 34.
Qc3 Ne2 35. Qxe3 Nxc1+ 36. Rxc1 Qg2 37. Qc3 Rc8 38. Qb3 Rab8 39. Qd3 Rc7 40. Ne3
Qxb2# 0-1

[Event "Chess24 Banter Blitz Cup"]
[Site "chess24.com INT"]
[Date "2020.01.06"]
[Round "2.1"]
[White "Lagarde, Maxime"]
[Black "Abasov, Nijat"]
[Result "0-1"]
[WhiteTitle "GM"]
[BlackTitle "GM"]
[WhiteElo "2657"]
[BlackElo "2632"]
[WhiteFideId "662399"]
[BlackFideId "13402960"]
[EventDate "2019.09.25"]
[EventType "blitz"]

1. e4 c5 2. Nc3 Nc6 3. Bb5 Nd4 4. Nf3 Nf6 5. e5 Nxb5 6. Nxb5 Nd5 7. Ng5 f6 8.
Ne4 f5 9. Nbc3 Nxc3 10. Nxc3 d5 11. d4 e6 12. Be3 b6 13. O-O Be7 14. Qh5+ g6 15.
Qh6 Bf8 16. Qf4 h6 17. Nb5 Ba6 18. a4 Qd7 19. Nd6+ Bxd6 20. exd6 Bxf1 21. Rxf1
c4 22. Qe5 Kf7 23. h4 Rad8 24. Bf4 Qxa4 25. Re1 Qd7 26. Qe3 g5 27. Be5 Rhg8 28.
hxg5 Rxg5 29. Qh3 Rdg8 30. g3 R8g6 31. Ra1 a5 32. b3 h5 33. bxc4 dxc4 34. Rb1 b5
35. Qh1 a4 36. Qa8 h4 37. Qh8 hxg3 38. f4 Rg4 39. d5 Rh6 40. Qxh6 Qa7+ 0-1

[Event "Chess24 Banter Blitz Cup"]
[Site "chess24.com INT"]
[Date "2020.01.06"]
[Round "2.2"]
[White "Abasov, Nijat"]
[Black "Lagarde, Maxime"]
[Result "0-1"]
[WhiteTitle "GM"]
[BlackTitle "GM"]
[WhiteElo "2632"]
[BlackElo "2657"]
[WhiteFideId "13402960"]
[BlackFideId "662399"]
[EventDate "2019.09.25"]
[EventType "blitz"]

1. e4 Nc6 2. Nc3 d6 3. d4 Nf6 4. h3 g6 5. Be3 Bg7 6. Qd2 e5 7. dxe5 dxe5 8.
Qxd8+ Nxd8 9. O-O-O c6 10. Nf3 Nd7 11. Nd2 Ne6 12. Nc4 Ke7 13. Nd6 Nd4 14. Nxc8+
Raxc8 15. Ne2 c5 16. Nc3 Nb6 17. a4 a5 18. Nd5+ Nxd5 19. exd5 Nf5 20. Bd2 b6 21.
g4 Nd6 22. Bg2 Rhe8 23. Rhe1 Kf8 24. c3 f5 25. Kc2 Kf7 26. Bc1 Bf6 27. Re2 h5
28. gxh5 gxh5 29. Bf3 Rh8 30. Ree1 e4 31. Be2 Be5 32. Rg1 Rcg8 33. Bg5 f4 34. h4
f3 35. Bf1 Bf6 36. Bh3 Bxg5 37. Be6+ Kf6 38. Bxg8 Bxh4 39. Be6 Bxf2 40. Rh1 h4
41. Rdf1 Bg3 42. Bg4 Re8 43. Rhg1 Kg5 44. Bxf3 exf3 45. Rxf3 Re2+ 46. Kb3 c4+
47. Ka2 Ne4 48. Ka1 Kg4 49. Rf8 h3 50. d6 h2 51. Rh1 Nxd6 52. Rg8+ Kf3 53. Ka2
Kg2 54. Rd1 Ne4 0-1

[Event "Chess24 Banter Blitz Cup"]
[Site "chess24.com INT"]
[Date "2020.01.06"]
[Round "2.3"]
[White "Lagarde, Maxime"]
[Black "Abasov, Nijat"]
[Result "1-0"]
[WhiteTitle "GM"]
[BlackTitle "GM"]
[WhiteElo "2657"]
[BlackElo "2632"]
[WhiteFideId "662399"]
[BlackFideId "13402960"]
[EventDate "2019.09.25"]
[EventType "blitz"]

1. g3 c5 2. Bg2 Nc6 3. d3 g6 4. f4 Bg7 5. Nf3 d6 6. O-O e5 7. fxe5 dxe5 8. c4
Nge7 9. Nc3 O-O 10. e4 Nd4 11. Be3 Bg4 12. Qd2 Bxf3 13. Bxf3 Qd7 14. Bg2 Rad8
15. Rad1 a6 16. Rf2 b5 17. b3 h5 18. h4 f6 19. Kh2 Kh7 20. Rdf1 f5 21. Bg5 Rde8
22. Bh3 Nec6 23. Nd5 Nb4 24. Nxb4 cxb4 25. Qxb4 bxc4 26. dxc4 Rf7 27. c5 Ref8
28. Qc4 Qc6 29. Qd5 Qb5 30. c6 Qb6 31. Kg2 f4 32. gxf4 exf4 33. Rxf4 Rxf4 34.
Rxf4 Rxf4 35. Bxf4 Nxc6 36. e5 Qb4 37. Bg3 Nd4 38. Be6 Nxe6 39. Qxe6 Qd2+ 40.
Kh3 Qxa2 41. Qd5 Qe2 42. e6 Bf6 43. Qd7+ Bg7 44. e7 Qf1+ 45. Kh2 Qe2+ 46. Kg1
Qe3+ 47. Bf2 Qc1+ 48. Kg2 1-0

[Event "Chess24 Banter Blitz Cup"]
[Site "chess24.com INT"]
[Date "2020.01.06"]
[Round "2.4"]
[White "Abasov, Nijat"]
[Black "Lagarde, Maxime"]
[Result "0-1"]
[WhiteTitle "GM"]
[BlackTitle "GM"]
[WhiteElo "2632"]
[BlackElo "2657"]
[WhiteFideId "13402960"]
[BlackFideId "662399"]
[EventDate "2019.09.25"]
[EventType "blitz"]

1. Nf3 f5 2. c4 Nf6 3. g3 g6 4. Bg2 Bg7 5. O-O O-O 6. Nc3 d6 7. b4 e5 8. d3 Nc6
9. b5 Ne7 10. a4 h6 11. a5 Rb8 12. e4 f4 13. gxf4 exf4 14. Bxf4 Nh5 15. Bd2 Nf4
16. Bxf4 Rxf4 17. Ne2 Rf7 18. d4 g5 19. Ng3 Ng6 20. Nh5 Bg4 21. Nxg7 Kxg7 22.
Qb3 Nf4 23. Nd2 Qf6 24. e5 Qf5 25. Be4 Ne2+ 26. Kh1 Qf4 27. Qe3 dxe5 28. dxe5
Rd8 29. Bd5 Re7 30. Rg1 Qxe3 31. fxe3 Nxg1 32. Rxg1 Be6 33. e4 c6 34. bxc6 bxc6
35. Nf3 cxd5 36. exd5 Rxd5 37. cxd5 Bxd5 38. Kg2 Rf7 0-1

[Event "Chess24 Banter Blitz Cup"]
[Site "chess24.com INT"]
[Date "2020.01.06"]
[Round "2.5"]
[White "Lagarde, Maxime"]
[Black "Abasov, Nijat"]
[Result "0-1"]
[WhiteTitle "GM"]
[BlackTitle "GM"]
[WhiteElo "2657"]
[BlackElo "2632"]
[WhiteFideId "662399"]
[BlackFideId "13402960"]
[EventDate "2019.09.25"]
[EventType "blitz"]

1. b3 g6 2. Bb2 Nf6 3. Nf3 Bg7 4. g3 O-O 5. Bg2 d5 6. O-O c5 7. e3 Nc6 8. d4 Ne4
9. Nbd2 cxd4 10. exd4 Qb6 11. c3 Bg4 12. h3 Nxd2 13. Qxd2 Bxf3 14. Bxf3 e6 15.
h4 h5 16. Rfe1 Rac8 17. Kg2 Ne7 18. Ba3 Rfe8 19. Bxe7 Rxe7 20. Bxd5 Qc7 21. Qe3
Kh7 22. Rac1 Qa5 23. Be4 Bh6 24. f4 Qxa2+ 25. Bc2 Rec7 26. c4 b5 27. Qe2 Qa5 28.
c5 Rd8 29. Red1 Qb4 30. Qxh5 Rxd4 31. Qe2 Rxc5 32. h5 Kg7 33. hxg6 fxg6 34. Qxe6
Rd2+ 35. Kh3 Rh5+ 36. Kg4 Rg5+ 37. Kh3 Rxg3+ 38. Kxg3 Qc3+ 39. Kg4 Rg2+ 40. Kh4
Qg3# 0-1

[Event "Chess24 Banter Blitz Cup"]
[Site "chess24.com INT"]
[Date "2020.01.06"]
[Round "2.6"]
[White "Abasov, Nijat"]
[Black "Lagarde, Maxime"]
[Result "0-1"]
[WhiteTitle "GM"]
[BlackTitle "GM"]
[WhiteElo "2632"]
[BlackElo "2657"]
[WhiteFideId "13402960"]
[BlackFideId "662399"]
[EventDate "2019.09.25"]
[EventType "blitz"]

1. e4 c5 2. c3 e6 3. d4 d5 4. exd5 exd5 5. Nf3 Nc6 6. Bb5 Bd6 7. dxc5 Bxc5 8.
Nbd2 Bb6 9. O-O Ne7 10. Nb3 Bg4 11. h3 Bh5 12. Bd3 h6 13. Bf4 O-O 14. Re1 Ng6
15. Bg3 f5 16. Be2 f4 17. Bh2 Kh8 18. Nfd2 f3 19. Nxf3 Bxf3 20. Bxf3 Nh4 21. Nd2
Qg5 22. Rf1 Rxf3 23. Nxf3 Qxg2# 0-1

[Event "Chess24 Banter Blitz Cup"]
[Site "chess24.com INT"]
[Date "2020.01.06"]
[Round "2.7"]
[White "Lagarde, Maxime"]
[Black "Abasov, Nijat"]
[Result "1-0"]
[WhiteTitle "GM"]
[BlackTitle "GM"]
[WhiteElo "2657"]
[BlackElo "2632"]
[WhiteFideId "662399"]
[BlackFideId "13402960"]
[EventDate "2019.09.25"]
[EventType "blitz"]

1. c4 c5 2. Nc3 Nc6 3. g3 g6 4. Bg2 Bg7 5. Nf3 d6 6. O-O e6 7. e3 Nge7 8. d4 O-O
9. dxc5 dxc5 10. Qe2 a6 11. Bd2 b6 12. Rfd1 Qc7 13. h4 Bb7 14. h5 Ne5 15. Nxe5
Bxe5 16. e4 Nc6 17. Bh6 Rfd8 18. Qg4 Nd4 19. Bg5 Rd7 20. hxg6 hxg6 21. Qh4 Bg7
22. Bf6 Bxf6 23. Qxf6 Rad8 24. Rf1 Qd6 25. e5 Qe7 26. Qxe7 Rxe7 27. Bxb7 Rxb7
28. Kg2 Nc6 29. Rae1 Kg7 30. f4 Rd2+ 31. Rf2 Rbd7 32. Ree2 Rxe2 33. Rxe2 Rd4 34.
b3 g5 35. Rf2 gxf4 36. gxf4 Kg6 37. Ne2 Rd1 38. Ng3 Nd4 39. Kh3 Rd3 40. Kg4 Nf5
41. Nxf5 exf5+ 42. Kh4 f6 43. Rg2+ Kf7 44. exf6 Kxf6 45. Rg8 Rf3 46. Rf8+ Ke6
47. Kg5 Rg3+ 48. Kh5 Rh3+ 49. Kg5 Rg3+ 50. Kh5 b5 51. cxb5 axb5 52. a4 Rxb3 53.
axb5 Rxb5 54. Kg6 c4 55. Rf6+ Ke7 56. Rf7+ Ke8 57. Rc7 Rb4 58. Kxf5 Kd8 59. Rc5
Kd7 60. Kg6 1-0

[Event "Chess24 Banter Blitz Cup"]
[Site "chess24.com INT"]
[Date "2020.01.06"]
[Round "2.8"]
[White "Lagarde, Maxime"]
[Black "Abasov, Nijat"]
[Result "1-0"]
[WhiteTitle "GM"]
[BlackTitle "GM"]
[WhiteElo "2657"]
[BlackElo "2632"]
[WhiteFideId "662399"]
[BlackFideId "13402960"]
[EventDate "2019.09.25"]
[EventType "blitz"]

1. e4 Nf6 2. Nc3 d6 3. d4 e5 4. Nf3 Nbd7 5. Bc4 Be7 6. O-O O-O 7. a4 a5 8. Ba2
exd4 9. Nxd4 Nc5 10. f3 c6 11. Be3 Qb6 12. Qd2 Qb4 13. g4 Be6 14. Nf5 Bxf5 15.
gxf5 Nfd7 16. Kh1 d5 17. Rg1 Bf6 18. exd5 Qxb2 19. Bd4 Qb4 20. Bxf6 Nxf6 21.
Rxg7+ Kh8 22. Rag1 Rg8 23. Rxg8+ Rxg8 24. Rxg8+ Nxg8 25. dxc6 bxc6 26. Bxf7 Nf6
27. Ba2 Ncd7 28. Ne4 Qxd2 29. Nxd2 Nb6 30. Nb3 Nxa4 31. Nxa5 Nc3 32. Bb3 c5 33.
Nc4 Kg7 34. Kg2 Nfd5 35. Kg3 Kf6 36. Nd6 Ne3 37. Ne4+ Nxe4+ 38. fxe4 c4 39. Ba4
Ke5 40. Kf3 Nd1 41. Bb5 Nb2 42. Kg4 h6 43. Kh5 Nd1 44. Kg6 Ne3 45. f6 1-0

[Event "Chess24 Banter Blitz Cup"]
[Site "chess24.com INT"]
[Date "2020.01.06"]
[Round "2.9"]
[White "Abasov, Nijat"]
[Black "Lagarde, Maxime"]
[Result "1-0"]
[WhiteTitle "GM"]
[BlackTitle "GM"]
[WhiteElo "2632"]
[BlackElo "2657"]
[WhiteFideId "13402960"]
[BlackFideId "662399"]
[EventDate "2019.09.25"]
[EventType "blitz"]

1. e4 c5 2. Nf3 Nc6 3. Bb5 g6 4. Bxc6 bxc6 5. d4 cxd4 6. Qxd4 f6 7. O-O d6 8. c4
c5 9. Qc3 Nh6 10. a3 a5 11. b3 Nf7 12. Rd1 Bg7 13. Qc2 Bb7 14. Nc3 f5 15. exf5
Bxf3 16. fxg6 Bxd1 17. gxf7+ Kf8 18. Qxd1 Bxc3 19. Ra2 Bg7 20. Re2 e5 21. Be3
Qe7 22. Rd2 Kxf7 23. Bxc5 dxc5 24. Rd7 Rhd8 25. Qh5+ Kf8 26. Rxe7 Kxe7 27. g3
Bf6 28. Qxh7+ Ke6 29. Qh3+ Ke7 30. Qf5 Rd4 31. Qh7+ Ke6 32. Qc7 Rad8 33. Qxc5
Be7 34. Qxa5 Rd2 35. b4 Rf8 36. Qb6+ Kf5 37. Qe3 Ra2 38. c5 Rd8 39. c6 Bg5 40.
Qf3+ Ke6 41. Qb3+ 1-0

[Event "Chess24 Banter Blitz Cup"]
[Site "chess24.com INT"]
[Date "2020.01.06"]
[Round "2.10"]
[White "Lagarde, Maxime"]
[Black "Abasov, Nijat"]
[Result "1/2-1/2"]
[WhiteTitle "GM"]
[BlackTitle "GM"]
[WhiteElo "2657"]
[BlackElo "2632"]
[WhiteFideId "662399"]
[BlackFideId "13402960"]
[EventDate "2019.09.25"]
[EventType "blitz"]

1. d4 Nf6 2. Nf3 e6 3. Bf4 b6 4. e3 Bb7 5. h3 d5 6. Bh2 Bd6 7. Ne5 O-O 8. Nd2
Nbd7 9. Bd3 Bxe5 10. dxe5 Ne4 11. Nxe4 dxe4 12. Bb5 Nc5 13. Qxd8 Raxd8 14. Rd1
Ba6 15. Bxa6 Nxa6 16. a3 Nc5 17. Rd4 Rd5 18. Ke2 Rfd8 19. Rhd1 Na4 20. Rxd5 Rxd5
21. Rxd5 exd5 22. b3 Nc5 23. f3 Kf8 24. f4 g6 25. g4 Ke7 26. f5 Nd7 27. Bf4 c5
28. c4 d4 29. exd4 cxd4 30. b4 a5 31. h4 axb4 32. axb4 Nb8 33. e6 Nc6 34. b5 Na5
35. c5 bxc5 36. b6 c4 37. Be5 Nc6 38. b7 fxe6 39. fxg6 hxg6 40. h5 gxh5 41. gxh5
Kf7 42. Ke1 d3 43. b8=Q Nxb8 44. Bxb8 e3 45. Bf4 e2 46. Bd2 Kg7 47. h6+ Kg6 48.
Kf2 e5 49. Ke3 Kxh6 50. Ke4+ Kh5 51. Kxe5 Kg4 52. Kd4 Kg3 53. Kxc4 Kf2 54. Kxd3
e1=Q 55. Bxe1+ 1/2-1/2

[Event "Chess24 Banter Blitz Cup"]
[Site "chess24.com INT"]
[Date "2020.01.06"]
[Round "2.11"]
[White "Abasov, Nijat"]
[Black "Lagarde, Maxime"]
[Result "1/2-1/2"]
[WhiteTitle "GM"]
[BlackTitle "GM"]
[WhiteElo "2632"]
[BlackElo "2657"]
[WhiteFideId "13402960"]
[BlackFideId "662399"]
[EventDate "2019.09.25"]
[EventType "blitz"]

1. e4 Nc6 2. Nf3 d6 3. d4 Nf6 4. d5 Nb8 5. Nc3 g6 6. e5 dxe5 7. Nxe5 Bg7 8. Bb5+
Nbd7 9. Bf4 O-O 10. Nxd7 Bxd7 11. Bc4 c6 12. O-O cxd5 13. Nxd5 Bc6 14. Nxf6+
Bxf6 15. c3 Qxd1 16. Raxd1 Rfd8 17. Bb3 e6 18. Bc7 Rxd1 19. Rxd1 Rc8 20. Bf4 Rd8
21. Rxd8+ Bxd8 22. Be3 a6 23. f3 Be7 24. Kf2 Kf8 25. Bd4 Ke8 26. g3 Kd7 27. Ke3
Bd6 28. f4 Bd5 29. Bxd5 exd5 30. Be5 Bc5+ 31. Bd4 Bd6 32. Kf3 f5 33. Ke3 Kc6 34.
Kd3 b5 35. Be3 a5 36. Bd4 a4 37. b3 axb3 38. axb3 Be7 39. b4 Bd8 40. Bc5 Bf6 41.
Bd4 Bd8 42. Be3 Bc7 43. Bd4 Bd8 1/2-1/2

[Event "Chess24 Banter Blitz Cup"]
[Site "chess24.com INT"]
[Date "2020.01.06"]
[Round "2.12"]
[White "Lagarde, Maxime"]
[Black "Abasov, Nijat"]
[Result "0-1"]
[WhiteTitle "GM"]
[BlackTitle "GM"]
[WhiteElo "2657"]
[BlackElo "2632"]
[WhiteFideId "662399"]
[BlackFideId "13402960"]
[EventDate "2019.09.25"]
[EventType "blitz"]

1. e4 Nf6 2. e5 Nd5 3. d4 d6 4. Nf3 Bg4 5. Be2 e6 6. O-O Be7 7. c4 Nb6 8. Nc3
O-O 9. exd6 cxd6 10. Be3 d5 11. c5 Nc8 12. b4 Bf6 13. Rc1 Bxf3 14. Bxf3 Ne7 15.
Qd2 Nbc6 16. b5 Na5 17. Be2 Nf5 18. Bd3 Qd7 19. Bxf5 exf5 20. Nxd5 Qxd5 21. Qxa5
Rfe8 22. c6 bxc6 23. Rc5 Qe4 24. bxc6 f4 25. Bd2 Bxd4 26. Rcc1 f3 27. Qg5 fxg2
28. Qxg2 Qe2 29. c7 Rac8 30. Bf4 Bb6 31. Bg3 h5 32. h4 Re4 33. Kh2 Re7 34. Qb7
Qg4 35. Rfe1 Bxc7 36. Bxc7 Qxh4+ 37. Kg2 Qg4+ 38. Bg3 Rxb7 0-1

[Event "Chess24 Banter Blitz Cup"]
[Site "chess24.com INT"]
[Date "2020.01.06"]
[Round "2.13"]
[White "Abasov, Nijat"]
[Black "Lagarde, Maxime"]
[Result "0-1"]
[WhiteTitle "GM"]
[BlackTitle "GM"]
[WhiteElo "2632"]
[BlackElo "2657"]
[WhiteFideId "13402960"]
[BlackFideId "662399"]
[EventDate "2019.09.25"]
[EventType "blitz"]

1. Nf3 Nf6 2. c4 g6 3. g3 Bg7 4. Bg2 O-O 5. O-O d6 6. d4 Nc6 7. d5 Na5 8. Nbd2
c5 9. a3 b5 10. cxb5 a6 11. b4 Nxd5 12. bxa5 Bxa1 13. Nb3 Bg7 14. Qxd5 Be6 15.
Qd1 axb5 16. Bd2 Bd5 17. Qc2 Qd7 18. Rd1 Qb7 19. Ne1 Bxg2 20. Nxg2 c4 21. Nc1 c3
22. Bxc3 Rfc8 23. Rd3 Rxa5 24. Qb2 Bxc3 25. Rxc3 Rxc3 26. Qxc3 Qa6 27. Nd3 Rxa3
28. Qc7 Ra1+ 29. Nge1 Qa5 30. Qb8+ Kg7 31. Kf1 Rb1 32. Qb7 b4 33. Kg2 b3 34. Nf3
b2 35. h4 h5 36. Ng5 Rg1+ 37. Kxg1 Qa1+ 38. Kh2 b1=Q 39. Qxe7 Qf6 40. Qd7 Qf1
41. Qe8 Qf5 42. Nf3 Q5h3# 0-1

[Event "Chess24 Banter Blitz Cup"]
[Site "chess24.com INT"]
[Date "2020.01.06"]
[Round "2.14"]
[White "Lagarde, Maxime"]
[Black "Abasov, Nijat"]
[Result "0-1"]
[WhiteTitle "GM"]
[BlackTitle "GM"]
[WhiteElo "2657"]
[BlackElo "2632"]
[WhiteFideId "662399"]
[BlackFideId "13402960"]
[EventDate "2019.09.25"]
[EventType "blitz"]

1. e4 Nf6 2. e5 Nd5 3. d4 d6 4. Nf3 Bg4 5. Be2 e6 6. O-O Be7 7. c4 Nb6 8. exd6
cxd6 9. Nc3 O-O 10. Be3 d5 11. c5 Nc4 12. Qb3 Nc6 13. Rad1 b6 14. Qc2 Nxe3 15.
fxe3 bxc5 16. dxc5 Nb4 17. Qc1 Bxc5 18. Nxd5 Qb8 19. Nf6+ gxf6 20. Qxc5 Nd5 21.
Qd4 Bh5 22. Rf2 Rd8 23. Rdf1 Bg6 24. Nh4 f5 25. Nxg6 hxg6 26. e4 Qb6 27. Qxb6
Nxb6 28. exf5 exf5 29. g4 fxg4 30. Rxf7 Rd4 31. R7f4 Rd2 32. Bxg4 Rxb2 33. Be6+
Kg7 34. Rh4 Rf8 35. Rxf8 Kxf8 36. Rh8+ Ke7 37. Bb3 Nd7 38. Rh7+ Kd6 39. Rg7 Ne5
40. Rxa7 Nf3+ 41. Kf1 Nxh2+ 42. Ke1 Nf3+ 43. Kd1 g5 44. Kc1 Rh2 45. a4 Nd4 46.
Bd1 Ke5 47. Rg7 Kf4 48. Rf7+ Ke3 49. Rg7 Rg2 50. Re7+ Kd3 51. Rd7 Kc3 52. Rc7+
Kb4 53. a5 Kxa5 54. Rc4 Nb5 55. Rc5 Kb4 56. Rf5 Nc3 57. Bc2 Na2+ 58. Kd1 Nc3+
59. Kc1 Ne2+ 60. Kd1 Nd4 61. Bd3 Nxf5 62. Bf1 Kc3 63. Bxg2 Ne3+ 64. Ke2 Nxg2 65.
Kf2 Nf4 66. Kg3 Ne6 67. Kg4 Kd4 68. Kf5 Kd5 69. Kg4 Ke5 70. Kh5 Kf4 0-1

[Event "Chess24 Banter Blitz Cup"]
[Site "chess24.com INT"]
[Date "2020.01.06"]
[Round "2.15"]
[White "Abasov, Nijat"]
[Black "Lagarde, Maxime"]
[Result "1-0"]
[WhiteTitle "GM"]
[BlackTitle "GM"]
[WhiteElo "2632"]
[BlackElo "2657"]
[WhiteFideId "13402960"]
[BlackFideId "662399"]
[EventDate "2019.09.25"]
[EventType "blitz"]

1. Nf3 f5 2. d3 Nf6 3. e4 d6 4. Nc3 e5 5. d4 fxe4 6. dxe5 exf3 7. exf6 Qxf6 8.
gxf3 c6 9. Be3 d5 10. Qd2 Bd6 11. O-O-O O-O 12. Nxd5 cxd5 13. Qxd5+ Be6 14. Qxd6
Nc6 15. Bd3 Rad8 16. Qa3 Qxf3 17. Rhg1 Rd7 18. Qc3 Qf6 19. Qxf6 Rxf6 20. Be4 Kf7
21. Rxd7+ Bxd7 22. c4 Bf5 23. Bd5+ Be6 24. Bxe6+ Rxe6 25. Kc2 h5 26. Kc3 g6 27.
b4 Ne5 28. h3 a6 29. a4 Re7 30. Rd1 Rd7 31. Rxd7+ Nxd7 32. Kd4 Ke6 33. c5 Ne5
34. b5 axb5 35. axb5 Nf3+ 36. Ke4 Ne5 37. Bf4 Nd7 38. Kd4 Nf6 39. c6 bxc6 40. b6
Nd7 41. b7 Kf5 42. b8=Q Nxb8 43. Bxb8 g5 44. Bc7 h4 45. f3 Ke6 46. Kc5 1-0

[Event "Chess24 Banter Blitz Cup"]
[Site "chess24.com INT"]
[Date "2020.01.06"]
[Round "2.16"]
[White "Lagarde, Maxime"]
[Black "Abasov, Nijat"]
[Result "0-1"]
[WhiteTitle "GM"]
[BlackTitle "GM"]
[WhiteElo "2657"]
[BlackElo "2632"]
[WhiteFideId "662399"]
[BlackFideId "13402960"]
[EventDate "2019.09.25"]
[EventType "blitz"]

1. e4 Nf6 2. e5 Nd5 3. d4 d6 4. Nf3 Bg4 5. Be2 e6 6. c4 Nb6 7. exd6 cxd6 8. O-O
Be7 9. Nc3 O-O 10. Be3 d5 11. c5 Nc4 12. Bxc4 dxc4 13. h3 Bh5 14. g4 Bg6 15. Ne5
Nc6 16. Nxc4 f5 17. d5 Nb4 18. d6 Bf6 19. Qb3 Nd3 20. Rad1 f4 21. Bd2 Nxc5 22.
Qb5 b6 23. b4 Be8 24. bxc5 Bxb5 25. Nxb5 bxc5 26. Nc7 Bd4 27. Nxe6 Qh4 28. Nxd4
cxd4 29. Kg2 Rae8 30. d7 Re2 31. Kf3 d3 0-1